Space / (Record no. 61297)
[ view plain ]
| 000 -LEADER | |
|---|---|
| fixed length control field | 05202nam a22005417a 4500 |
| 005 - DATE AND TIME OF LATEST TRANSACTION | |
| control field | 20120120115556.0 |
| 010 ## - LCCN (DPL NO) | |
| LC control number | B-476794-820 |
| 020 ## - INTERNATIONAL STANDARD BOOK NUMBER | |
| International Standard Book Number | 9789380152110 |
| Terms of availability | 250.00 |
| 035 ## - SYSTEM CONTROL NUMBER | |
| System control number | B-476794-820 |
| 037 ## - SOURCE OF ACQUISITION | |
| Stock number | dpl |
| Source of stock number/acquisition | Blue Berry/Ven |
| 082 ## - DEWEY DECIMAL CLASSIFICATION NUMBER | |
| Classification number | 520 |
| 100 ## - MAIN ENTRY--PERSONAL NAME | |
| Personal name | Steinhorst, Stefanie |
| 245 ## - TITLE STATEMENT | |
| Title | Space / |
| Remainder of title | by Stefanie Steinhorst, Sabine Schuck; illustrated by Sebastian Coenen |
| 260 ## - PUBLICATION, DISTRIBUTION, ETC. (IMPRINT) | |
| Place of publication, distribution, etc | New Delhi: |
| Name of publisher, distributor, etc | Tessloff Sterling, |
| Date of publication, distribution, etc | 2011 |
| 270 ## - ADDRESS | |
| Address | A-59, Okhla Industrial Area, Phase-II |
| City | New Delhi |
| Postal code | 110020 |
| 300 ## - PHYSICAL DESCRIPTION | |
| Extent | 24p. |
| Other physical details | ill (col) |
| Dimensions | 26cm (Hb) |
| 490 ## - SERIES STATEMENT | |
| Series statement | How and why junior |
| -- | 52274 |
| 700 ## - ADDED ENTRY--PERSONAL NAME | |
| Personal name | Coenen, Sebastian |
| 9 (RLIN) | 39869 |
| 700 ## - ADDED ENTRY--PERSONAL NAME | |
| Personal name | Schuck, Sabine |
| 9 (RLIN) | 39870 |
| 942 ## - ADDED ENTRY ELEMENTS (KOHA) | |
| Source of classification or shelving scheme | Dewey Decimal Classification |
| Item type | Children Books |
| Call number suffix | STE |
| Classification part | 520 |
| Withdrawn status | Lost status | Not for loan | Collection code | Home library | Current library | Date acquired | Source of acquisition | Cost, normal purchase price | Full call number | Barcode | Copy number | Cost, replacement price | Koha item type | Public note |
|---|---|---|---|---|---|---|---|---|---|---|---|---|---|---|
| Non-fiction | Andrews Gunj | Andrews Gunj | 12/09/2012 | Blue Berry/IN8279/30.03.12/43/20.3.2012/30.03.2012 | 250.00 | 520 STE | B-476806 | 1 | 250.00 | Children Books | ||||
| Non-fiction | Bagh Kadhe Khan | Bagh Kadhe Khan | 12/09/2012 | Blue Berry/IN8279/30.03.12/43/20.3.2012/30.03.2012 | 250.00 | 520 STE | B-476811 | 1 | 250.00 | Children Books | ||||
| Withdrawn | Non-fiction | Bawana | Bawana | 12/09/2012 | Blue Berry/IN8279/30.03.12/43/20.3.2012/30.03.2012 | 250.00 | 520 STE | B-476813 | 1 | 250.00 | Children Books | |||
| Written-off vide DLB M. No. 383 dt 16.05.19 | Non-fiction | Central Jail Tihar | Central Jail Tihar | 12/09/2012 | Blue Berry/IN8279/30.03.12/43/20.3.2012/30.03.2012 | 250.00 | 520 STE | B-476802 | 1 | 250.00 | Children Books | |||
| Non-fiction | Central Library | Central Library | 12/09/2012 | Blue Berry/IN8279/30.03.12/43/20.3.2012/30.03.2012 | 250.00 | 520 STE | B-476797 | 1 | 250.00 | Children Books | ||||
| Withdrawn | Non-fiction | Janak Puri | Janak Puri | 12/09/2012 | Blue Berry/IN8279/30.03.12/43/20.3.2012/30.03.2012 | 250.00 | 520 STE | B-476803 | 1 | 250.00 | Children Books | |||
| Written off | Non-fiction | Kadipur | Kadipur | 12/09/2012 | Blue Berry/IN8279/30.03.12/43/20.3.2012/30.03.2012 | 250.00 | 520 STE | B-476816 | 1 | 250.00 | Children Books | Written off on approval by DLB (By Circulation); dtd 20.12.2022 | ||
| Non-fiction | Karol Bagh | Karol Bagh | 12/09/2012 | Blue Berry/IN8279/30.03.12/43/20.3.2012/30.03.2012 | 250.00 | 520 STE | B-476809 | 1 | 250.00 | Children Books | ||||
| Non-fiction | Kasturba Gandhi Marg | Kasturba Gandhi Marg | 12/09/2012 | Blue Berry/IN8279/30.03.12/43/20.3.2012/30.03.2012 | 250.00 | 520 STE | B-476799 | 1 | 250.00 | Children Books | ||||
| Written-off vide DLB M. No. 383 dt 16.05.19 | Non-fiction | Katevara | Katevara | 12/09/2012 | Blue Berry/IN8279/30.03.12/43/20.3.2012/30.03.2012 | 250.00 | 520 STE | B-476814 | 1 | 250.00 | Children Books | |||
| Non-fiction | Mobile Library | Mobile Library | 12/09/2012 | Blue Berry/IN8279/30.03.12/43/20.3.2012/30.03.2012 | 250.00 | 520 STE | B-476794 | 2 | 250.00 | Children Books | ||||
| Non-fiction | Mobile Library | Mobile Library | 12/09/2012 | Blue Berry/IN8279/30.03.12/43/20.3.2012/30.03.2012 | 250.00 | 520 STE | B-476795 | 2 | 250.00 | Children Books | ||||
| Written-off vide DLB M. No. 383 dt 16.05.19 | Non-fiction | Mundaka | Mundaka | 12/09/2012 | Blue Berry/IN8279/30.03.12/43/20.3.2012/30.03.2012 | 250.00 | 520 STE | B-476815 | 1 | 250.00 | Children Books | |||
| Written off | Non-fiction | Narela | Narela | 12/09/2012 | Blue Berry/IN8279/30.03.12/43/20.3.2012/30.03.2012 | 250.00 | 520 STE | B-476812 | 1 | 250.00 | Children Books | Written off on approval by DLB (By Circulation); dtd 20.12.2022 | ||
| Non-fiction | New Rohtak Road | New Rohtak Road | 12/09/2012 | Blue Berry/IN8279/30.03.12/43/20.3.2012/30.03.2012 | 250.00 | 520 STE | B-476810 | 1 | 250.00 | Children Books | ||||
| Withdrawn | Non-fiction | Patel Nagar | Patel Nagar | 12/09/2012 | Blue Berry/IN8279/30.03.12/43/20.3.2012/30.03.2012 | 250.00 | 520 STE | B-476798 | 1 | 250.00 | Children Books | |||
| Written off | Written-off vide DLB M. No. 388 dt 23.02.22 | Non-fiction | Peshwa Road | Peshwa Road | 12/09/2012 | Blue Berry/IN8279/30.03.12/43/20.3.2012/30.03.2012 | 250.00 | 520 STE | B-476800 | 1 | 250.00 | Children Books | ||
| Non-fiction | R.C.Libraries (BL-III) | R.C.Libraries (BL-III) | 05/10/2012 | Blue Berry/IN8279/30.03.12/43/20.3.2012/30.03.2012 | 250.00 | 520 STE | B-476819 | 2 | 250.00 | Children Books | ||||
| Written-off vide DLB M. No. 383 dt 16.05.19 | Non-fiction | R.C.Libraries (BL-III) | R.C.Libraries (BL-III) | 05/10/2012 | Blue Berry/IN8279/30.03.12/43/20.3.2012/30.03.2012 | 250.00 | 520 STE | B-476820 | 2 | 250.00 | Children Books | |||
| Non-fiction | R.K.Puram-8 | R.K.Puram-8 | 12/09/2012 | Blue Berry/IN8279/30.03.12/43/20.3.2012/30.03.2012 | 250.00 | 520 STE | B-476805 | 1 | 250.00 | Children Books | ||||
| Non-fiction | Sarojini Nagar | Sarojini Nagar | 12/09/2012 | Blue Berry/IN8279/30.03.12/43/20.3.2012/30.03.2012 | 250.00 | 520 STE | B-476804 | 1 | 250.00 | Children Books | ||||
| Written-off vide DLB M. No. 383 dt 16.05.19 | Non-fiction | Shahdara Branch | Shahdara Branch | 12/09/2012 | Blue Berry/IN8279/30.03.12/43/20.3.2012/30.03.2012 | 250.00 | 520 STE | B-476817 | 1 | 250.00 | Children Books | |||
| Non-fiction | Sriniwas Puri | Sriniwas Puri | 12/09/2012 | Blue Berry/IN8279/30.03.12/43/20.3.2012/30.03.2012 | 250.00 | 520 STE | B-476807 | 1 | 250.00 | Children Books | ||||
| Written off | Non-fiction | Tri Nagar | Tri Nagar | 12/09/2012 | Blue Berry/IN8279/30.03.12/43/20.3.2012/30.03.2012 | 250.00 | 520 STE | B-476801 | 1 | 250.00 | Children Books | |||
| Non-fiction | Vinoba Puri | Vinoba Puri | 12/09/2012 | Blue Berry/IN8279/30.03.12/43/20.3.2012/30.03.2012 | 250.00 | 520 STE | B-476808 | 1 | 250.00 | Children Books | ||||
| Non-fiction | Yojana Vihar | Yojana Vihar | 12/09/2012 | Blue Berry/IN8279/30.03.12/43/20.3.2012/30.03.2012 | 250.00 | 520 STE | B-476818 | 1 | 250.00 | Children Books |
